The influence of organic and mineral fertilization on growth, yield and quality of potato crop (Record no. 48993)
[ view plain ]
| 000 -LEADER | |
|---|---|
| fixed length control field | 02523cab a2200301Ia 45 0 |
| 001 - CONTROL NUMBER | |
| control field | u195877 |
| 003 - CONTROL NUMBER IDENTIFIER | |
| control field | SIRSI |
| 008 - FIXED-LENGTH DATA ELEMENTS--GENERAL INFORMATION | |
| fixed length control field | 111025s2005 ua ss b eng d |
| 040 ## - CATALOGING SOURCE | |
| Original cataloging agency | EAL |
| 041 ## - LANGUAGE CODE | |
| Language code of text/sound track or separate title | eng |
| Language code of summary or abstract | ara |
| 090 ## - LOCALLY ASSIGNED LC-TYPE CALL NUMBER (OCLC); LOCAL CALL NUMBER (RLIN) | |
| Classification number (OCLC) (R) ; Classification number, CALL (RLIN) (NR) | ART MUJAS V30 No12 B 19 |
| 100 1# - MAIN ENTRY--PERSONAL NAME | |
| Personal name | Awad, El-S. M. |
| 240 10 - UNIFORM TITLE | |
| Uniform title | Mansoura University journal of agricultural sciences, 2005 v. 30 (12) |
| Number of part/section of a work | part B |
| Medium | [electronic resource]. |
| 245 14 - TITLE STATEMENT | |
| Title | The influence of organic and mineral fertilization on growth, yield and quality of potato crop |
| Medium | [electronic resource]. |
| 246 15 - VARYING FORM OF TITLE | |
| Title proper/short title | تأثير التسميد العضوى والمعدنى على النمو والمحصول والجودة فى محصول البطاطس. |
| 300 ## - PHYSICAL DESCRIPTION | |
| Extent | P. 7965-7975. |
| 504 ## - BIBLIOGRAPHY, ETC. NOTE | |
| Bibliography, etc. note | Includes references. |
| 520 ## - SUMMARY, ETC. | |
| Summary, etc. | Two field experiments were carried out during the two successive fall (nili) seasons of 2003/2004 and 2004/2005 on potato cv. Spunta at Abou Awad village, Aga, Dakahlia Governorate, to study the influence of organic manures (farmyard. biogas and chicken), and mineral fertilizers NPK at the recommended rates fed. in alone and/or combined application, on growth, yield and quality of potato crop. The results revealed that addition 50% of chicken manure combined with 50% mineral fertilizers (NPK) gave the highest values of vegetative growth characteristics (plant height, number of main stems/plant, chlorophyll content and foliage fresh and dry weight (%) at 75 days after planting (DAP), total tubers yield t/fed., number of tubers/plant, tubers average weight, tubers dry matter (%) and specific gravity at harvest in both seasons., Application of mineral fertilization at recommended full rates of NPK gave the highest content of NPK in leaves at 75 DAP and tubers at harvesting in both seasons. On the other hand, the lowest content of nitrate (ppm) in tubers was obtained from plants received farmyard manure alone. Therefore, organic manure must be used as a substitute for chemical fertilizers requirements in potatoes production especially for exportation and also, reduce the risks of environmental pollution. |
| 546 ## - LANGUAGE NOTE | |
| Language note | Summary in Arabic. |
| 596 ## - | |
| -- | 1 |
| 650 #0 - SUBJECT ADDED ENTRY--TOPICAL TERM | |
| Topical term or geographic name entry element | Organic fertilizers. |
| 650 #0 - SUBJECT ADDED ENTRY--TOPICAL TERM | |
| Topical term or geographic name entry element | Potatoes |
| General subdivision | Fertilizers. |
| 650 #0 - SUBJECT ADDED ENTRY--TOPICAL TERM | |
| Topical term or geographic name entry element | Potatoes |
| General subdivision | Breeding. |
| 650 #0 - SUBJECT ADDED ENTRY--TOPICAL TERM | |
| Topical term or geographic name entry element | Potatoes |
| General subdivision | Varieties |
| 650 #3 - SUBJECT ADDED ENTRY--TOPICAL TERM | |
| Topical term or geographic name entry element | Mineral fertilizers. |
| 773 0# - HOST ITEM ENTRY | |
| Title | Mansoura University Journal of Agricultural Sciences. |
| Related parts | 2005.v.30(12)part-B |
| International Standard Serial Number | 1110-0346 |
| Control subfield | nnas |
| Record control number | u182197 |
| 856 40 - ELECTRONIC LOCATION AND ACCESS | |
| Uniform Resource Identifier | <a href="http://nile.enal.sci.eg/EALE/2005/MUJAS/3005/12/B/7965.pdf">http://nile.enal.sci.eg/EALE/2005/MUJAS/3005/12/B/7965.pdf</a> |
| Public note | Full Text Article. |
| 942 ## - ADDED ENTRY ELEMENTS (KOHA) | |
| Koha item type | Articles |
| Source of classification or shelving scheme | Library of Congress Classification |
No items available.